000
00290nam a22001337a 4500
008
170601b xxu||||| |||| 00| 0 eng d
020
_a
9781596917026
041
_a
eng
080
_a
94(7/8)
100
_a
17
101
_a
SHH
245
_a
AMERICA AFLAME
_c
GOLDFIELD, D
942
_2
udc
_c
BK
999
_c
15277
_d
15277